Arcane Character Quiz S1 and S2 - Statistics

General Stats
  • This quiz has been taken 779 times
  • The average score is 24 of 39
Answer Stats
Hint Answer % Correct
Sister of Character 1 AFTER going insane Jinx
100%
Lead Character with Red hair Vi/Violet
100%
Enforcer and Love interest of Character 1 Caitlyn
98%
Sister of Character 1 BEFORE going insane (also in the AU) Powder
98%
Character 1 and Character 2/3's Adoptive Father Vander
90%
Character 2/3's adoptive Father and a major antagonist in S1 Silco
87%
Leader of the Firelights and love interest of character 3 in the AU Ekko
86%
Scientist and Council Member who Created Hextech Jayce
86%
Nonverbal Zaunite orphan who becomes Jinx's adoptive sister Isha
85%
Machine Herald and Partner of the Character above Viktor
85%
She works for Silco and later becomes a Counselor Sevika
83%
A former Counselor in a relationship with Jayce and member of the Black Rose. Mel
82%
Scientist /Former Counselor who helped found Piltover and who took Ekko as his pupil Heimerdinger
81%
Mother of Character above and main antagonist in S2 Ambessa
79%
Mother of Character above killed by Character 2 Cassandra
76%
Character 1 and Character 2/3's Adoptive Brother who picks locks Mylo
75%
Character 1 and Character 2/3's Adoptive Brother who is more stockier Claggor
73%
Character 1 and Character 2/3's Adoptive Father after being evolved by Shimmer Warwick
71%
Childhood friend of character above and had an unrequited crush on him Sky
70%
Junior Officer Enforcer who had a fling with Caitlyn and ended up being loyal to Noxus. Maddie
69%
Mad Chemist/Scientist who created Shimmer Singed
65%
Adoptive father of character above and good friends with Vander. Benzo
62%
Corrupt Sherrif of the Piltover Enforcers who sometimes worked with Silco Marcus
57%
Character 1 and Character 2/3's Bio Mother Felicia
54%
Former Counselor and was killed by Jayce's hammer. Salo
54%
Mel's half-brother Kino
47%
Former Sheriff of the Piltover enforcers and friend to the Kiramman family. Grayson
40%
Assistant of Mel and (presumably) imprisoned and killed by the Black Rose Elora
39%
Cat-like Character who helps Mel and treats Salo with Shimmer. Lest
38%
Ambessa's bodyguard Rictus
35%
Mad Chemist/Scientist's dead daughter Orianna
34%
Character 1 and Character 2/3's Bio Father Connol
32%
Enforcer (a part of Caitlyn's team) with Green skin and gill like features Steb
31%
The Axolotl-like creature that the Mad Chemist/Scientist experiments on Rio
30%
Second in Command of the Firelights with Bat-like ears and grey skin Scar
28%
Character above's daughter Ren
25%
Influential Merchant who was a part of the Black Rose but killed by Ambessa. Amara
24%
A member of the Council with lots of gold jewelry and a massive gold necklace that turns. Shoola
19%
Zaunite thug who worked for Silco and was killed by Vander Deckard
18%
No matching quizzes found
Score Distribution
Percent of People with Each Score
Percentile by Number Answered
Your Score History
You have not taken this quiz